| Tag |
First Indicator |
Second Indicator |
Subfields |
| LEADER |
00000cam a2200000 4500 |
| 001 |
in00000224739 |
| 005 |
20151009081144.0 |
| 008 |
751111s1895 mdu b 00010 engmd |
| 010 |
|
|
|a 04007930
|
| 035 |
|
|
|a (OCoLC)01826297
|
| 035 |
|
|
|a AAZ6285AM
|
| 040 |
|
|
|a DLC
|c ZQM
|d ZQM
|d TXA
|d UtOrBLW
|
| 043 |
|
|
|a n-us-md
|
| 049 |
|
|
|a TXAM
|c [10050]
|
| 050 |
0 |
0 |
|a H31
|b .J6 ser.13:no.1-12
|
| 100 |
1 |
|
|a Silver, John Archer.
|
| 245 |
1 |
4 |
|a The provisional government of Maryland (1774-1777) /
|c By John Archer Silver, A.B.
|
| 264 |
|
1 |
|a Baltimore :
|b The Johns Hopkins Press,
|c 1895.
|
| 300 |
|
|
|a 61 pages ;
|c 25 cm.
|
| 336 |
|
|
|a text
|b txt
|2 rdacontent
|
| 337 |
|
|
|a unmediated
|b n
|2 rdamedia
|
| 338 |
|
|
|a volume
|b nc
|2 rdacarrier
|
| 490 |
1 |
|
|a Johns Hopkins University. Studies in historical and political science,
|v 13th ser., X
|
| 651 |
|
0 |
|a Maryland
|x Politics and government
|y 1775-1783.
|
| 830 |
|
0 |
|a Johns Hopkins University studies in historical and political science ;
|v 13th ser., 10.
|
| 999 |
|
|
|a MARS
|
| 999 |
f |
f |
|s 81af30a5-2148-387e-9b26-700280b300ea
|i d41841ce-a740-334c-b618-4d84eab68b7b
|t 0
|
| 952 |
f |
f |
|p normal
|a Texas A&M University
|b College Station
|c Sterling C. Evans Library
|d Evans: Library Stacks
|t 0
|e H31 .J6 ser.13:no.1-12
|h Library of Congress classification
|i unmediated -- volume
|m A14802503695
|
| 952 |
f |
f |
|a Texas A&M University
|b College Station
|c Sterling C. Evans Library
|d Evans: Library Stacks
|t 0
|e H31 .J6 ser.13:no.1-12
|h Library of Congress classification
|
| 998 |
f |
f |
|a H31 .J6 ser.13:no.1-12
|t 0
|l Evans: Library Stacks
|